zpět

Detail výsledku týmu

BB69, Hradec Králové

Datum a čas kvízu

29.5 Celkem bodů Celkový počet nahraných bodů na tomto kvízu bez doplňovacích otázek.
4. Pořadí na kvízu Konečné umístění týmu na tomto kvízu.

Zaznamenané odpovědi

# Otázka Odpověď Body Výsledky
1. Policejní prezident Tomáš Tuhý... 1
2. Ruští vyšetřovatelé začali vyš... 0
3. Někteří rockoví dinosauři žijí... 1
4. Rodící se největší pojišťovna... 0
5. Jedna z největších legend svéh... 1
6. Pokud jste na titulní otázku o... 0
7. Herci Tobinu Bellovi přinesla... 1
5. Filmová série Resident Evil je... 0
5. Jak se jmenuje představitel hl... 1
10. Shaun je hospodský povaleč, co... 1